Estudio sobre la industria resinera de México (Record no. 89737)

MARC details
000 -LEADER
fixed length control field 00840nam a22001817a 4500
005 - DATE AND TIME OF LATEST TRANSACTION
control field 20170710115109.0
008 - FIXED-LENGTH DATA ELEMENTS--GENERAL INFORMATION
fixed length control field 170710b mx ||||| |||| 00| 0 spa d
050 04 - LIBRARY OF CONGRESS CALL NUMBER
Classification number HD9769.R43.M6
Item number O74 1979
110 2# - MAIN ENTRY--CORPORATE NAME
Corporate name or jurisdiction name as entry element Organización de las Naciones Unidas para la Agricultura y la Alimentación
245 10 - TITLE STATEMENT
Title Estudio sobre la industria resinera de México
Statement of responsibility, etc / Informe preparado para el Gobierno de México por la Organización de las Naciones Unidas para la Agricultura y la Alimentación
246 33 - VARYING FORM OF TITLE
Title proper/short title Mejoramiento de la industria resinera
Remainder of title : México
250 ## - EDITION STATEMENT
Edition statement 1a ed.
260 ## - PUBLICATION, DISTRIBUTION, ETC. (IMPRINT)
Place of publication, distribution, etc México :
Name of publisher, distributor, etc Organización de las Naciones Unidas para la Agricultura y la Alimentación,
Date of publication, distribution, etc 1979
300 ## - PHYSICAL DESCRIPTION
Extent 39 h. ;
Dimensions 28 cm.
650 #7 - SUBJECT ADDED ENTRY--TOPICAL TERM
Source of heading or term lemb
Topical term or geographic name as entry element Industria de gomas y resinas
Geographic subdivision México
Form subdivision Informe
700 1# - ADDED ENTRY--PERSONAL NAME
Personal name Solís Sánchez, Witerico
Relator term autor
942 ## - ADDED ENTRY ELEMENTS (KOHA)
Source of classification or shelving scheme Biblioteca del Cogreso de los Estados Unidos
Koha item type Libro
Holdings
Estado de pérdida Fuente de clasificación Estado del daño No para préstamo Ubicación permanente Ubicación actual Apartado o colección Fecha de adquisición Edición Dependencia de educación superior (DES) Área del conocimiento Clasificación Código de Barras Date last seen Número de copia Costo por reposición Tipo de recurso
  Biblioteca del Cogreso de los Estados Unidos   Consulta Biblioteca de la Facultad de Ingeniería en Tecnología de la Madera Biblioteca de la Facultad de Ingeniería en Tecnología de la Madera General 10/07/2017 1a ed. Ingeniería y Arquitectura Ciencias Sociales y Administrativas HD9769.R43.M6 O74 1979 BTM000006066 10/07/2017 1 1.00 Libro